书目信息 |
| 题名: |
百唱不厌低幼歌曲
|
|
| 作者: | 龙厚仁 编 | |
| 分册: | ||
| 出版信息: | 成都 四川文艺出版社 1996.08 |
|
| 页数: | 412页 | |
| 开本: | 32开 | |
| 丛书名: | ||
| 单 册: | ||
| 中图分类: | J642.6 | |
| 科图分类: | ||
| 主题词: | 音乐--作品--中国 | |
| 电子资源: | ||
| ISBN: | 7-5411-1537-1 | |
| 000 | 00555nam0 2200193 45 | |
| 001 | 0008160886 | |
| 005 | 20000816082359.2 | |
| 010 | @a7-5411-1537-1@d15.00元 | |
| 100 | @a20000816d1996 km y0chiy0120 ea | |
| 101 | 0 | @achi |
| 105 | @a z 000yy | |
| 200 | 1 | @a百唱不厌低幼歌曲@ABai Chang Bu Yan Di You Ge Qu@f龙厚仁编@FLong Hou Ren Bian |
| 210 | @a成都@c四川文艺出版社@d1996.08 | |
| 215 | @a412页@d32开 | |
| 606 | 0 | @a音乐@x作品@x中国 |
| 690 | @aJ642.6@v3 | |
| 701 | 0 | @a龙厚仁@4编 |
| 801 | @aCN@bPftUser@c20000816 | |
| 905 | @b107705-707@dJ642.6@eL705@f3 | |
| 百唱不厌低幼歌曲/龙厚仁编.-成都:四川文艺出版社,1996.08 |
| 412页;32开 |
| ISBN 7-5411-1537-1:15.00元 |
| ● |
| 相关链接 |
|
|
|
正题名:百唱不厌低幼歌曲
索取号:J642.6/L705
 
预约/预借
| 序号 | 登录号 | 条形码 | 馆藏地/架位号 | 状态 | 备注 |
| 1 | 107705 | 201077057 | 社科库309/309社科库 93排4列5层/ [索取号:J642.6/L705] | 在馆 | |
| 2 | 107706 | 201077066 | 社科库309/ [索取号:J642.6/L705] | 在馆 | |
| 3 | 107707 | 201077075 | 社科库309/ [索取号:J642.6/L705] | 在馆 |